Historia de la industria en Bahía Blanca : 1828-1930 /

Guardado en:
Autor Principal: Rey, María E.
Otros Autores: Errazu de Mendiburu, Delia I., Abraham, Norma B.
Formato: Libro
Idioma:Spanish
Publicado: Bahía Blanca : Universidad Nacional del Sur, Departamento de Ciencias Sociales, 1980.
Series:Serie Historia (Universidad Nacional del Sur. Departamento de Ciencias Sociales) ; 2
Materias:
Etiquetas: Agregar Etiqueta
LEADER 01779nam a22002295a 4500
001 EUN.eunm009043
008 041125s1980####ag#a##########000#0#spa#d
005 20230403130505.0
245 1 0 |a Historia de la industria en Bahía Blanca :  |b 1828-1930 /  |c María Ebelia Rey, Delia I. Errazu de Mendiburu, Norma B. Abraham. 
260 |a Bahía Blanca :  |b Universidad Nacional del Sur, Departamento de Ciencias Sociales,  |c 1980. 
300 |a 174 p. :  |b ilus. ;  |c 28 cm. 
490 1 |a Serie Historia ;  |v 2 
500 |a "Las ilustraciones de este volumen pertenecen al archivo del Seminario de Historia Regional Argentina que dirige en la UNS el Profesor Félix Weinberg."-- Contraport. 
505 0 0 |a Introducción -- Primera parte. cap. 1. cap. 2. Primera etapa : 1828-1880. cap. 3. Segunda etapa : 1880-1900. cap. 4. Cuarta etapa : 1914-1930. Conclusión -- Segunda parte. Industrias alimenticias. Industria de la construcción. Industria del transporte. Industria metalúrgica. Industria textil. Industria del calzado. Industria química. Industria maderera. Industria tabacalera. Industria gráfica . Industria derivada del petróleo. Industrias varias -- Apéndice. 1. Nómina de establecimientos industriales bahienses y que participaron en exposiciones provinciales y locales. 2. Premios obtenidos por productos industriales bahienses en exposiciones internacionales, nacionales y locales -- Fuentes. 
100 1 |a Rey, María E. 
700 1 |a Errazu de Mendiburu, Delia I. 
700 1 |a Abraham, Norma B. 
830 0 |a Serie Historia (Universidad Nacional del Sur. Departamento de Ciencias Sociales) ;  |v 2 
082 0 4 |a 338.9821  |2 18 
650 7 |a Industria  |x Historia.  |2 unbist 
651 7 |a Bahía Blanca  |2 Catalis Autoridades 
859 |a AR-BaUNS  |b BIB. CENTRAL - Sector C  |h 338.9821  |i R33  |p 87779/981